01112nam a2200265 a 4500001001000000003000500010005001700015008004100032010001100073011001100084040000900095100003200104245019600136260004100332500006000373502008700433502006900520650002300589650004100612650003700653650003200690700003800722856001600760856007000776000109175CHAP20220329144040.0140408s2013 mx a |sm |||||||spa|d a105637 a106609 cCHAP1 aCruz Larios, Iris Jacaranda10aPropuesta de rehabilitación del cerro Chimalhuache como área verde, en Chimalhuacán, Estado de Méxicoh[En línea]cpor Iris Jacaranda Cruz Larios y Zeltzin Yael del Ángel Quezada. aChapingo, Méx. :bEl autor,c2013. aPara ver el contenido del material haga clic en la liga aTesis (Ing. en Restauración Forestal) -- UACH. División de Ciencias Forestales aTesis (Ing. Forestal) -- UACH. División de Ciencias Forestales14aImpacto ambiental.14aRecursos naturaleszMéxico (Edo.).14aReforestaciónxMéxico (Edo.)14aUrbanismozMéxico (Edo.).1 aÁngel Quezada, Zeltzin Yael del a1 n0000382 aFinding aiduhttp://10.13.5.2/tesis/sist109175.pdfzTeclea aquí